India: Country report (Record no. 49844)

MARC details
000 -LEADER
fixed length control field 00497nam a2200109Ia 4500
100 ## - MAIN ENTRY--AUTHOR NAME
Personal name Menon
245 #0 - TITLE STATEMENT
Title India: Country report
260 ## - PUBLICATION, DISTRIBUTION, ETC. (IMPRINT)
Name of publisher In: Progress and development of rubber smallholders: Proceedings of the Third Seminar, 24-30 November 1977, Cochin, India. (Eds. Sumardi Reksopoetranto and G.S. Tan). Association of Natural Rubber Producing Countries, Kuala Lumpur, Malaysia, pp. 9-17.
Year of publication 1979
650 ## - SUBJECT ADDED ENTRY--TOPICAL TERM
Topical Term Smallholdings
942 ## - ADDED ENTRY ELEMENTS (KOHA)
Koha item type Bibliography STAF
100 ## - MAIN ENTRY--AUTHOR NAME
-- P.M.
Holdings
Withdrawn status Lost status Damaged status Not for loan Home library Current library Shelving location Date acquired Koha item type
      Bibliography RRII Library RRII Library Economics 09/04/2014 Bibliography STAF